Manažerské účetnictví

Pokračovanie z č. 10/2000. Rentabilné a investičné zodpovednostné stredisko. Ekonomické pravidlá vo vnútornom riadení podniku. Príklad.

Na minha lista:
Detalhes bibliográficos
Autor principal: Brabec, Miroslav
Formato: Capítulo de Livro
Idioma:tcheco
Assuntos:
Tags: Adicionar Tag
Sem tags, seja o primeiro a adicionar uma tag!

MARC

LEADER 00000naa a2200000 4500
001 r040053
005 20230913085221.1
041 0 |a cze 
044 |a CZ 
245 1 0 |a Manažerské účetnictví  |c Miroslav Brabec 
520 |a Pokračovanie z č. 10/2000. Rentabilné a investičné zodpovednostné stredisko. Ekonomické pravidlá vo vnútornom riadení podniku. Príklad. 
610 2 0 |a účtovníctvo manažérske 
610 2 0 |a strediská zodpovednostné 
610 2 0 |a pojmy 
610 2 0 |a riadenie vnútropodnikové 
610 2 0 |a účtovníctvo vnútropodnikové 
610 2 0 |a zodpovednosť pracovníka 
610 2 0 |a právomoc 
610 2 0 |a štruktúra ekonomická 
100 1 |a Brabec, Miroslav